Applied C : an introduction and more / (Record no. 47075)

MARC details
000 -LEADER
fixed length control field 01181cam a22002894a 4500
001 - CONTROL NUMBER
control field 11878655
005 - DATE AND TIME OF LATEST TRANSACTION
control field 20161102164210.0
008 - FIXED-LENGTH DATA ELEMENTS--GENERAL INFORMATION
fixed length control field 000103s2001 maua 001 0 eng
010 ## - LIBRARY OF CONGRESS CONTROL NUMBER
LC control number 00020888
020 ## - INTERNATIONAL STANDARD BOOK NUMBER
International Standard Book Number 9780070217485
040 ## - CATALOGING SOURCE
Original cataloging agency DLC
Transcribing agency DLC
Modifying agency DLC
042 ## - AUTHENTICATION CODE
Authentication code pcc
050 00 - LIBRARY OF CONGRESS CALL NUMBER
Classification number QA76.73.C15
Item number F56 2001
082 00 - DEWEY DECIMAL CLASSIFICATION NUMBER
Classification number 005.13/3
Edition number 21
100 1# - MAIN ENTRY--PERSONAL NAME
Personal name Fischer, Alice E.,
Dates associated with a name 1942-
245 10 - TITLE STATEMENT
Title Applied C : an introduction and more /
Statement of responsibility, etc Alice E. Fischer, David W. Eggert, Stephen M. Ross.
260 ## - PUBLICATION, DISTRIBUTION, ETC. (IMPRINT)
Place of publication, distribution, etc Boston :
Name of publisher, distributor, etc McGraw-Hill,
Date of publication, distribution, etc c2001.
300 ## - PHYSICAL DESCRIPTION
Extent xix, 1116 p. :
Other physical details ill. ;
Dimensions 24 cm.
650 #0 - SUBJECT ADDED ENTRY--TOPICAL TERM
Topical term or geographic name as entry element C (Computer program language)
700 1# - ADDED ENTRY--PERSONAL NAME
Personal name Eggert, David W.
700 1# - ADDED ENTRY--PERSONAL NAME
Personal name Ross, Stephen M.
Fuller form of name (Stephen Mark),
Dates associated with a name 1945-
856 42 - ELECTRONIC LOCATION AND ACCESS
Materials specified Publisher description
Uniform Resource Identifier <a href="http://www.loc.gov/catdir/description/mh021/00020888.html">http://www.loc.gov/catdir/description/mh021/00020888.html</a>
856 41 - ELECTRONIC LOCATION AND ACCESS
Materials specified Table of contents
Uniform Resource Identifier <a href="http://www.loc.gov/catdir/toc/mh021/00020888.html">http://www.loc.gov/catdir/toc/mh021/00020888.html</a>
906 ## - LOCAL DATA ELEMENT F, LDF (RLIN)
a 7
b cbc
c orignew
d 1
e ocip
f 20
g y-gencatlg
942 ## - ADDED ENTRY ELEMENTS (KOHA)
Source of classification or shelving scheme Library of Congress Classification
Item type Book
Holdings
Withdrawn status Lost status Source of classification or shelving scheme Damaged status Not for loan Collection code Home library Current library Shelving location Date acquired Source of acquisition Total Checkouts Total Renewals Full call number Barcode Date last seen Date last borrowed Copy number Price effective from Koha item type
    Library of Congress Classification     Non-fiction Bishop Okullu Memorial Library (Limuru Campus) Bishop Okullu Memorial Library (Limuru Campus) General Circulation 02/11/2016 donations 8 1 QA76.73.C15 F56 2001 048215 08/02/2024 25/01/2024 1 02/11/2016 Book